000 00820nam a2200253Ia 4500
003 OSt
005 20220926002543.0
006 a|||||r|||| 00| 0
007 ta
008 220923b |||||||| |||| 00| 0 eng d
020 _a9788123747781
_c55.25
037 _b4973, 07/06/2013, RAJKIRAN BOOK AGENCY
_cGeneral Book
040 _aRTL
_cRTL
_beng
041 _2eng
_aeng
082 _aY73(P1).2, P6
100 _aTHAPAR Romila
245 0 _aIndia
_b Historical beginnings and the concept of the Aryan.
260 _a New Delhi
_bNational Book Trust
_c2006
300 _ax,201p.
_ccm.
500 _aBibliography: P 301-08. Appendix: P 309-15
650 _aSociology
942 _hY73(P1).2, P6
_cGB
_2CC
999 _c605389
_d605389